000 00269nam a2200109Ia 4500
008 201231s9999 xx 000 0 und d
100 _aHayes, John P.
245 0 _aComputer Architecture and Organization
260 _aBoston
_bMcGraw-Hill
300 _a604
942 _cBK
999 _c10291
_d10291